Statystyki dla Oki - 77747 mixtape

Kliknij tutaj aby rozwiązać quiz!

Ogólne statystyki

  • Ten quiz został rozwiązany 161 razy
  • Średni wynik to 10 z 14

Statystyki odpowiedzi

NumerGośćUtwór% Poprawnych
7GedzSIRI
94%
177747
86%
2ŻabsonDLA ZIOMALI
86%
4Young IgiPOLITYK
79%
10Dziarma i GverillaTAK BARDZO
70%
9Ero JWP50 CENTÓW
69%
5PaluchZA KAŻDĄ Z MOICH PRÓŚB
69%
13OBRACAM KOŁEM
67%
14TRUP
65%
6OtsochodziNOWY CZEK
63%
12NIE MARTW SIĘ MAMO
60%
11SUK
60%
8SKIT O MARIHUANIE
58%
3JEDEN DZIEŃ
55%

Rozkład punktacji

Percentyl według liczby udzielonych odpowiedzi

Procent ludzi z każdym wynikiem

Twoja historia wyników

Nie rozwiązałeś tego quizu